00442nam a2200133Ia 45000010005000000080041000050820022000461000057000682450110001252600024002355900007002599010027002669990015002932325241024s9999 xx 000 0 und d aRD/371.26/R426m/3 aRepública Dominicana.MINERD-OEI-Fundación INICIA 0aManual para la aplicación de las pruebas nacionales de conclusión de nivel básico y del nivel medio bSanto Domingoc2012 asi a9/8/2012 10:21:18 a.m. c8861d8861